[Event "?"]
[Site "?"]
[Date "1998.??.??"]
[Round "10.1"]
[White "Bagirov, V."]
[Black "Kraidman, Y."]
[Result "1-0"]
[WhiteElo "2480"]
[BlackElo "2335"]
[PlyCount "147"]
[EventDate "1998.??.??"]

1. c4 g6 2. Nf3 Bg7 3. e4 c5 4. d4 cxd4 5. Nxd4 Nc6 6. Be3 Nf6 7. Nc3 Ng4 8.
Qxg4 Nxd4 9. Qd1 Ne6 10. Be2 d6 11. f4 O-O 12. O-O Bxc3 13. bxc3 Nc5 14. e5 f5
15. exf6 exf6 16. Bf3 Qc7 17. Bd5+ Kg7 18. Bd4 Ne6 19. Qf3 Nxd4 20. cxd4 Bf5
21. Bxb7 Rae8 22. Bd5 Qb6 23. Rad1 h5 24. h3 Re7 25. Rfe1 Rfe8 26. Rxe7+ Rxe7
27. Qf2 Be4 28. c5 Qc7 29. Bxe4 Rxe4 30. cxd6 Qxd6 31. d5 a6 32. Rd4 Re7 33.
Kh2 Kf7 34. Qc2 Rc7 35. Qd2 Rc5 36. Qd3 h4 37. Qf3 g5 38. Qe4 gxf4 39. Qxf4
Qxf4+ 40. Rxf4 Rxd5 41. Rxh4 Ra5 42. a4 Kg6 43. Rc4 Rd5 44. h4 Rd2 45. Kg3 Ra2
46. Kf3 Ra1 47. g4 Rf1+ 48. Ke4 Rh1 49. h5+ Kg5 50. Rc8 Re1+ 51. Kf3 Rf1+ 52.
Ke2 Rh1 53. Rg8+ Kf4 54. Rg6 f5 55. gxf5 Rxh5 56. Rxa6 Rxf5 57. Kd3 Rc5 58. Kd4
Rc1 59. Rf6+ Kg5 60. Rb6 Ra1 61. Ra6 Kf5 62. a5 Rd1+ 63. Kc5 Ra1 64. Kb5 Ke5
65. Rh6 Kd5 66. Kb6 Rb1+ 67. Kc7 Rc1+ 68. Kb7 Rb1+ 69. Rb6 Rh1 70. Rc6 Rh7+ 71.
Rc7 Rh1 72. a6 Rb1+ 73. Kc8 Kd6 74. a7 1-0

[Event "?"]
[Site "?"]
[Date "1998.??.??"]
[Round "10.4"]
[White "Klovans, J."]
[Black "Baumgartner, H."]
[Result "1-0"]
[WhiteElo "2465"]
[BlackElo "2300"]
[PlyCount "63"]
[EventDate "1998.??.??"]

1. e4 e5 2. Nf3 Nf6 3. d4 Nxe4 4. Bd3 d5 5. Nxe5 Be7 6. O-O O-O 7. c4 Nf6 8.
Nc3 Nbd7 9. cxd5 Nb6 10. Qc2 h6 11. Re1 Nbxd5 12. a3 c6 13. Bd2 Qb6 14. Rad1
Nxc3 15. bxc3 Qc7 16. Qc1 h5 17. Bg5 g6 18. Qc2 Nd5 19. Bh6 Qd6 20. c4 Nc7 21.
c5 Qf6 22. Bxf8 Bxf8 23. Bc4 Be6 24. Bxe6 Nxe6 25. Qb3 Rd8 26. Qxb7 Nxd4 27.
Nd7 Qf4 28. Nxf8 Ne2+ 29. Kh1 Rxd1 30. Rxd1 Kxf8 31. Qxc6 Nc3 32. Qd6+ 1-0

[Event "?"]
[Site "?"]
[Date "1998.??.??"]
[Round "10.6"]
[White "Lieb, H."]
[Black "Chernikov, O."]
[Result "1/2-1/2"]
[WhiteElo "2230"]
[BlackElo "2405"]
[PlyCount "75"]
[EventDate "1998.??.??"]

1. Nf3 c5 2. c4 g6 3. Nc3 Bg7 4. g3 Nc6 5. Bg2 d6 6. O-O Nf6 7. d4 cxd4 8. Nxd4
Bd7 9. b3 O-O 10. Bb2 Qa5 11. e3 Rfc8 12. Rc1 Bg4 13. Qd2 Qh5 14. Nde2 Qh6 15.
Nf4 Rab8 16. Ncd5 Nxd5 17. Bxg7 Qxg7 18. Nxd5 Be6 19. Nf4 Qe5 20. h4 Rd8 21.
Bd5 Bf5 22. Bg2 Rbc8 23. Nd5 Be4 24. Nc3 Bxg2 25. Kxg2 Qa5 26. Qe2 Nb4 27. Rfd1
Rc5 28. Qb2 Qc7 29. a3 Na6 30. Nd5 Qd7 31. b4 Rcc8 32. h5 Qe6 33. hxg6 fxg6 34.
Qd4 Rf8 35. Qh4 Rf7 36. Rd4 Rcf8 37. Rf1 Qd7 38. Rf4 1/2-1/2

[Event "?"]
[Site "?"]
[Date "1998.??.??"]
[Round "10.7"]
[White "Suetin, A."]
[Black "Tscherne, J."]
[Result "1-0"]
[WhiteElo "2400"]
[BlackElo "2025"]
[PlyCount "81"]
[EventDate "1998.??.??"]

1. e4 e5 2. Nf3 d6 3. d4 Nd7 4. Bc4 c6 5. O-O Be7 6. a4 h6 7. Nc3 Ngf6 8. Re1
O-O 9. Ba2 Re8 10. dxe5 dxe5 11. Nh4 Nc5 12. Qf3 Be6 13. Nf5 Bxa2 14. Rxa2 Bf8
15. Be3 Ncd7 16. Raa1 Kh7 17. Rad1 Qc7 18. g4 Re6 19. Ng3 g6 20. h4 Re7 21. Kg2
Bg7 22. g5 Ng8 23. h5 Nf8 24. Rh1 Ne6 25. gxh6 Bf6 26. Nce2 Bg5 27. Bxg5 Nxg5
28. Qe3 Ne6 29. Ng1 Qb6 30. Nf3 Qxe3 31. fxe3 Nf6 32. hxg6+ fxg6 33. Nxe5 Ng5
34. Rdf1 Nfxe4 35. Nxe4 Nxe4 36. Nf7 Re6 37. Rh4 Rae8 38. Rhf4 g5 39. Rxe4 Kg6
40. Rxe6+ Rxe6 41. Rh1 1-0

[Event "?"]
[Site "?"]
[Date "1998.??.??"]
[Round "10.8"]
[White "Lapienis, D."]
[Black "Arkhangelsky, B."]
[Result "1/2-1/2"]
[WhiteElo "2305"]
[BlackElo "2400"]
[PlyCount "20"]
[EventDate "1998.??.??"]

1. d4 d5 2. c4 c6 3. Nf3 Nf6 4. Nc3 e6 5. Bg5 Nbd7 6. e3 Qa5 7. cxd5 Nxd5 8.
Qd2 Bb4 9. Rc1 O-O 10. Bd3 e5 1/2-1/2

[Event "?"]
[Site "?"]
[Date "1998.??.??"]
[Round "10.9"]
[White "Shestoperov, A."]
[Black "Lainburg, V."]
[Result "1-0"]
[WhiteElo "2415"]
[BlackElo "2230"]
[PlyCount "59"]
[EventDate "1998.??.??"]

1. d4 d5 2. c4 dxc4 3. Nf3 Nf6 4. e3 g6 5. Bxc4 Bg7 6. Nc3 O-O 7. O-O Bg4 8. h3
Bxf3 9. Qxf3 Nc6 10. Rd1 a6 11. a3 Qd7 12. Qe2 Rfd8 13. d5 Na5 14. Bd2 c6 15.
e4 Qc7 16. Bg5 cxd5 17. Nxd5 Nxd5 18. exd5 b5 19. Bxe7 Re8 20. d6 Qd7 21. Bd5
Rac8 22. Qf3 Rxe7 23. dxe7 Qxe7 24. Re1 Qf6 25. Qg4 Rd8 26. Rad1 Bf8 27. Re3 h5
28. Qe2 Rd7 29. Re6 Qg5 30. Rxa6 1-0

[Event "?"]
[Site "?"]
[Date "1998.??.??"]
[Round "10.10"]
[White "Braun, G."]
[Black "Scheipl, R."]
[Result "1/2-1/2"]
[WhiteElo "2325"]
[BlackElo "2270"]
[PlyCount "80"]
[EventDate "1998.??.??"]

1. e4 c5 2. c3 d5 3. exd5 Qxd5 4. d4 Nf6 5. Nf3 e6 6. Be2 Nc6 7. O-O cxd4 8.
Nxd4 Nxd4 9. cxd4 Be7 10. Nc3 Qd8 11. Bf3 O-O 12. Be3 Qa5 13. a3 Nd5 14. Nxd5
exd5 15. Qb3 Rd8 16. Rac1 b6 17. Bf4 Bf6 18. Bc7 Rd7 19. Be5 Bxe5 20. dxe5 Bb7
21. Bg4 Re7 22. f4 d4 23. Rfd1 Rd8 24. Qc4 Qd5 25. Qxd5 Rxd5 26. Rc4 g5 27. g3
gxf4 28. gxf4 d3 29. Bf3 Rd8 30. Bxb7 Rxb7 31. Rd2 f6 32. exf6 Kf7 33. Kf2 Kxf6
34. Ke3 Rbd7 35. Rc6+ Kf7 36. Rc3 Re8+ 37. Kf3 Red8 38. Kg4 Ke6 39. Kf3 Kf5 40.
Rc4 Re8 1/2-1/2

[Event "?"]
[Site "?"]
[Date "1998.??.??"]
[Round "10.11"]
[White "Rosen, W."]
[Black "Dornieden, M."]
[Result "0-1"]
[WhiteElo "2300"]
[BlackElo "2270"]
[PlyCount "52"]
[EventDate "1998.??.??"]

1. e4 d6 2. d4 Nf6 3. Nc3 g6 4. Be3 Bg7 5. f3 O-O 6. Qd2 e5 7. d5 c6 8. O-O-O
cxd5 9. exd5 a6 10. h4 b5 11. a3 Nh5 12. Nge2 f5 13. g3 Bd7 14. Bh3 a5 15. g4
fxg4 16. fxg4 Nf6 17. Bg5 b4 18. Nb1 Qc8 19. Bxf6 Rxf6 20. axb4 axb4 21. g5 Rf2
22. Bxd7 Nxd7 23. Qe3 { } 23... Nc5 24. Rdf1 Rxe2 25. Qxe2 Nb3+ 26. Kd1 Ra1 0-1

[Event "?"]
[Site "?"]
[Date "1998.??.??"]
[Round "10.12"]
[White "Zoltek, T."]
[Black "Jugow, A."]
[Result "1-0"]
[WhiteElo "2285"]
[BlackElo "2265"]
[PlyCount "63"]
[EventDate "1998.??.??"]

1. Nf3 Nf6 2. c4 g6 3. Nc3 Bg7 4. g3 d6 5. Bg2 O-O 6. O-O Nc6 7. d3 e5 8. Bd2
h6 9. Rb1 a5 10. a3 Nh5 11. b4 axb4 12. axb4 f5 13. e3 Be6 14. Nh4 Qe8 15. Nd5
Rc8 16. b5 Kh7 17. bxc6 bxc6 18. Nb4 c5 19. Nd5 g5 20. Nf3 g4 21. Ne1 c6 22.
Nc3 Rc7 23. Ne2 d5 24. cxd5 cxd5 25. Rb6 Nf6 26. d4 Ne4 27. dxe5 c4 28. Bb4
Rff7 29. Nf4 Bc8 30. e6 Bxe6 31. Nxe6 Ra7 32. Nxg7 1-0

[Event "?"]
[Site "?"]
[Date "1998.??.??"]
[Round "10.13"]
[White "Reichenbach, W."]
[Black "Somogyi, I."]
[Result "1-0"]
[WhiteElo "2280"]
[BlackElo "2230"]
[PlyCount "141"]
[EventDate "1998.??.??"]

1. Nf3 Nf6 2. g3 b6 3. Bg2 Bb7 4. O-O e6 5. c4 Be7 6. b3 O-O 7. Bb2 c5 8. d3 d5
9. e3 Nc6 10. Qe2 Qc7 11. Na3 Rad8 12. Rac1 Qb8 13. Rfd1 Rfe8 14. Nh4 Nb4 15.
Ba1 dxc4 16. Nxc4 Bxg2 17. Nxg2 Nd7 18. a3 Nc6 19. Qf3 Nce5 20. Qe2 Bf6 21. Ne1
Nxc4 22. Rxc4 Bxa1 23. Rxa1 Nf6 24. Rac1 e5 25. Qf3 Qd6 26. e4 a5 27. R4c3 Ra8
28. Nc2 Red8 29. Ne3 Qe6 30. Qf5 Qxf5 31. Nxf5 Kf8 32. Kf1 g6 33. Ne3 Ke7 34.
Nc4 Nd7 35. Ke2 Ke6 36. Ne3 Nf6 37. f4 Nd7 38. f5+ gxf5 39. Nxf5 Nb8 40. b4
axb4 41. axb4 Ra2+ 42. R3c2 Rxc2+ 43. Rxc2 Na6 44. bxc5 bxc5 45. Ra2 Nb4 46.
Ra3 Rb8 47. Ra5 Rc8 48. Rb5 Kd7 49. Rb7+ Ke6 50. Re7+ Kf6 51. Rxf7+ Kxf7 52.
Nd6+ Ke6 53. Nxc8 Nc6 54. Nb6 Nd4+ 55. Kf2 Nc6 56. Na4 Kd6 57. Nb2 Nb4 58. Kf3
Ke6 59. Kg4 Kf6 60. Kh5 Nc2 61. Kh6 Ne3 62. h3 Nf1 63. g4 Nd2 64. h4 Nf3 65.
g5+ Kf7 66. h5 Kg8 67. Nc4 Kf7 68. Nd6+ Kg8 69. g6 hxg6 70. Kxg6 Ne1 71. h6 1-0

[Event "?"]
[Site "?"]
[Date "1998.??.??"]
[Round "10.14"]
[White "Semasev, K."]
[Black "Hocevar, N."]
[Result "1-0"]
[WhiteElo "2275"]
[BlackElo "2220"]
[PlyCount "49"]
[EventDate "1998.??.??"]

1. e4 c6 2. d4 d5 3. e5 Bf5 4. Nf3 e6 5. Be2 Nd7 6. O-O c5 7. c4 dxc4 8. Na3
Ne7 9. Bg5 9... f6 { } 10. Nxc4 Nd5 11. exf6 gxf6 12. Bh4 Be7 13. Bg3 N7b6 14.
dxc5 Bxc5 15. Nd4 Ne7 16. Nxf5 Qxd1 17. Ng7+ Kf7 18. Rfxd1 Kxg7 19. Nxb6 axb6
20. Rd7 Rhd8 21. Rxb7 Rd2 22. Bc4 Rxb2 23. Bxe6 Kg6 24. Rc1 Nf5 25. Bxf5+ 1-0

[Event "?"]
[Site "?"]
[Date "1998.??.??"]
[Round "10.15"]
[White "Borisenko, G."]
[Black "Lipiniks, L."]
[Result "0-1"]
[WhiteElo "2375"]
[BlackElo "2155"]
[PlyCount "74"]
[EventDate "1998.??.??"]

1. d4 d5 2. c4 c6 3. Nc3 Nf6 4. Nf3 dxc4 5. a4 Bf5 6. e3 e6 7. Bxc4 Bb4 8. Nh4
Bg4 9. Qb3 a5 10. h3 Bh5 11. Bd2 O-O 12. g4 Bg6 13. Nxg6 hxg6 14. O-O-O Na6 15.
Kb1 Qe7 16. g5 Nd5 17. h4 Rfb8 18. Nxd5 exd5 19. Bd3 Bxd2 20. Rxd2 Nb4 21. Rc1
Qe6 22. Rdd1 Qg4 23. Rh1 Qg2 24. Rcf1 b5 25. axb5 Nxd3 26. Qxd3 Rxb5 27. Rhg1
Qh3 28. Rg3 Qxh4 29. Rc1 Rab8 30. Rc2 Qh1+ 31. Ka2 Rb4 32. Qa3 Qd1 33. Rxc6 Ra4
34. e4 Rxa3+ 35. Rxa3 Qd2 36. Rb3 Rxb3 37. Kxb3 Qb4+ 0-1

[Event "?"]
[Site "?"]
[Date "1998.??.??"]
[Round "10.16"]
[White "Kramer, G."]
[Black "Rost, V."]
[Result "0-1"]
[WhiteElo "2155"]
[BlackElo "2280"]
[PlyCount "92"]
[EventDate "1998.??.??"]

1. d4 Nf6 2. c4 c5 3. d5 b5 4. Nf3 g6 5. a4 Qa5+ 6. Bd2 b4 7. Qc2 d6 8. e4 Bg7
9. Be2 O-O 10. O-O Qc7 11. h3 a5 12. Bf4 Nh5 13. Be3 e5 14. Ne1 f5 15. Bxh5
gxh5 16. exf5 Bxf5 17. Qe2 Qf7 18. Nd2 Nd7 19. Ndf3 Nf6 20. Rd1 Rae8 21. b3 Kh8
22. Nd2 Qg6 23. Kh1 Rg8 24. Ndf3 Bc8 25. Bc1 Nd7 26. Ng5 Nf6 27. Nef3 Bh6 28.
Nh4 Qg7 29. Ne4 Nxe4 30. Qxe4 Bxc1 31. Rxc1 Qg5 32. Rg1 Ref8 33. Nf3 Qf4 34.
Rce1 Bxh3 35. Qxf4 Rxf4 36. Nxe5 Bf5 37. g3 Rxf2 38. Nf7+ Kg7 39. Nxd6 Bg4 40.
Re3 Bf3+ 41. Rxf3 Rxf3 42. Rb1 Kf6 43. Ne4+ Ke5 44. Nxc5 Rgxg3 45. Rd1 h4 46.
d6 Rh3+ 0-1

[Event "?"]
[Site "?"]
[Date "1998.??.??"]
[Round "10.17"]
[White "Gruzmann, B."]
[Black "Beszterczey, L."]
[Result "1-0"]
[WhiteElo "2260"]
[BlackElo "2115"]
[PlyCount "26"]
[EventDate "1998.??.??"]

1. e4 g6 2. d4 Bg7 3. Nc3 d6 4. Qd2 b5 5. h4 h5 6. Nh3 Nd7 7. a4 b4 8. Nd1 a5
9. Ng5 Nh6 10. f3 Nb6 11. c4 f6 12. Nh3 e5 13. dxe5 Be6 1-0

[Event "?"]
[Site "?"]
[Date "1998.??.??"]
[Round "10.18"]
[White "Niebling, F."]
[Black "Krennmair, R."]
[Result "1/2-1/2"]
[WhiteElo "2250"]
[BlackElo "2087"]
[PlyCount "84"]
[EventDate "1998.??.??"]

1. e4 e5 2. Nf3 d6 3. d4 Nd7 4. Nc3 c6 5. Be3 Be7 6. Be2 Ngf6 7. h3 a6 8. O-O
O-O 9. a3 Re8 10. Qd2 Qc7 11. Rad1 Nf8 12. d5 cxd5 13. exd5 b5 14. Nxe5 dxe5
15. d6 Bxd6 16. Qxd6 Qxd6 17. Rxd6 Bb7 18. Rfd1 Ne6 19. Rb6 Rab8 20. a4 bxa4
21. Nxa4 Be4 22. Rd2 Rxb6 23. Nxb6 Nc7 24. Bc4 h6 25. f3 Bf5 26. Bb3 Be6 27.
Ba4 Rb8 28. c4 Na8 29. Nxa8 Rxa8 30. b3 Ne8 31. Bc6 Rb8 32. Ba7 Rc8 33. Ba4 Ra8
34. Bb6 Kf8 35. c5 Rc8 36. c6 Nc7 37. Kf2 Nb5 38. Rc2 Ke7 39. Ke3 Kd6 40. Bc5+
Kc7 41. b4 Bd5 42. Bxb5 axb5 1/2-1/2

[Event "?"]
[Site "?"]
[Date "1998.??.??"]
[Round "10.19"]
[White "Boeven, M."]
[Black "Ueksti, E."]
[Result "1/2-1/2"]
[WhiteElo "2140"]
[BlackElo "2241"]
[PlyCount "55"]
[EventDate "1998.??.??"]

1. d4 Nf6 2. Nc3 e6 3. Nf3 c5 4. d5 d6 5. dxe6 fxe6 6. e4 Nc6 7. Bc4 h6 8. Bf4
e5 9. Bg3 Bg4 10. Qd3 Nb4 11. Qd2 a6 12. Nh4 b5 13. Be2 Bxe2 14. Qxe2 g5 15.
Nf5 Nc6 16. Nd5 Nd4 17. Nxf6+ Qxf6 18. Qh5+ Qf7 19. Qxf7+ Kxf7 20. Ne3 h5 21.
f3 h4 22. Bf2 h3 23. Kf1 hxg2+ 24. Kxg2 Ne6 25. Bg3 Be7 26. Rad1 Rag8 27. Ng4
Nd4 28. Ne3 1/2-1/2

[Event "?"]
[Site "?"]
[Date "1998.??.??"]
[Round "10.20"]
[White "Cafferty, B."]
[Black "Hoeschele, H."]
[Result "1-0"]
[WhiteElo "2240"]
[BlackElo "2084"]
[PlyCount "149"]
[EventDate "1998.??.??"]

1. e4 e5 2. Nf3 Nc6 3. Bc4 Be7 4. d4 d6 5. d5 Nb8 6. Bd3 a5 7. c4 Na6 8. Nc3
Nc5 9. Bc2 Nf6 10. Be3 b6 11. h3 Ba6 12. b3 Bb7 13. O-O O-O 14. a3 Ncd7 15. Qe2
Re8 16. b4 Bf8 17. Nd2 g6 18. Ba4 Qe7 19. Bc6 Reb8 20. Rfc1 Bg7 21. Bxb7 Rxb7
22. Nb5 Ne8 23. Qd3 Rbb8 24. Qc2 Bf8 25. f3 Qd8 26. Rcb1 Be7 27. Nb3 Qc8 28.
bxa5 c6 29. Nc3 bxa5 30. dxc6 Qxc6 31. Nd5 Bd8 32. a4 Ng7 33. Nd2 Ne6 34. Rb5
Ndc5 35. Nb3 Nxb3 36. Qxb3 Kg7 37. Rc1 Rc8 38. Qb2 Rab8 39. g3 Ra8 40. Kg2 Rab8
41. h4 Qa8 42. Qa3 Rc6 43. Kh3 Qa6 44. Qb2 Qc8 45. Kg2 Rxb5 46. cxb5 Rxc1 47.
Qxc1 Qxc1 48. Bxc1 Nc5 49. b6 Kf8 50. Be3 Nb7 51. Kf2 Ke8 52. Ke2 Kd7 53. Kd3
Kc6 54. Kc4 f5 55. h5 fxe4 56. hxg6 hxg6 57. fxe4 Nc5 58. Bxc5 dxc5 59. b7 Kxb7
60. Kxc5 Bg5 61. Kd6 Bd8 62. Ne7 g5 63. g4 Bc7+ 64. Kd5 Bb6 65. Nc6 Kc7 66.
Nxe5 Bf2 67. Nc4 Be1 68. e5 Kd7 69. e6+ Ke7 70. Ke5 Bb4 71. Nb6 Bd2 72. Nd5+
Ke8 73. Kf6 Bf4 74. e7 Bd6 75. Ke6 1-0

[Event "?"]
[Site "?"]
[Date "1998.??.??"]
[Round "10.22"]
[White "Franck, R."]
[Black "Ljuboshitz, A."]
[Result "1-0"]
[WhiteElo "2137"]
[BlackElo "2210"]
[PlyCount "93"]
[EventDate "1998.??.??"]

1. d4 Nf6 2. e3 g6 3. f4 Bg7 4. Be2 d6 5. Bf3 O-O 6. Ne2 e5 7. Nbc3 c6 8. O-O
Qe7 9. Ng3 Na6 10. d5 cxd5 11. Nxd5 Nxd5 12. Qxd5 Nc7 13. Qb3 Rb8 14. Rd1 Ne6
15. Qa3 exf4 16. exf4 Nd4 17. Qd3 Bd7 18. c3 Bb5 19. Qe4 Nxf3+ 20. Qxf3 Rfe8
21. Qf2 h5 22. Bd2 h4 23. Nf1 h3 24. Re1 Qd7 25. Qxa7 hxg2 26. Ng3 Bc6 27. Qf2
f5 28. Ne2 Be4 29. Be3 Ra8 30. Bd4 Bc6 31. a3 Be4 32. Rad1 Rad8 33. Ng3 Bc6 34.
Re2 Rxe2 35. Nxe2 Re8 36. Bxg7 Kxg7 37. Nd4 Be4 38. Nf3 Qe7 39. Re1 Qf6 40. Ng5
d5 41. Rd1 d4 42. Nxe4 Rxe4 43. Rxd4 Qe7 44. Rxe4 fxe4 45. Qd4+ Kh7 46. Kxg2 e3
47. Qe5 1-0

[Event "?"]
[Site "?"]
[Date "1998.??.??"]
[Round "10.23"]
[White "Huguet, B."]
[Black "Kaminik, A."]
[Result "0-1"]
[WhiteElo "2135"]
[BlackElo "2200"]
[PlyCount "102"]
[EventDate "1998.??.??"]

1. c4 Nf6 2. Nc3 g6 3. g3 Bg7 4. Bg2 O-O 5. d3 d6 6. e4 e5 7. Nge2 Nc6 8. O-O
Nd7 9. Be3 Nc5 10. Qd2 Nd4 11. Rad1 Bh3 12. Bh6 Bxg2 13. Kxg2 f5 14. Bxg7 Kxg7
15. f3 c6 16. Nxd4 exd4 17. Ne2 Qf6 18. exf5 gxf5 19. Nf4 Kh8 20. Rfe1 Rfe8 21.
Re2 Re5 22. Rde1 Rae8 23. b3 b6 24. Qb2 Kg8 25. Kf1 Rxe2 26. Rxe2 Rxe2 27. Qxe2
Qe5 28. b4 Na4 29. Qxe5 dxe5 30. Ne6 c5 31. b5 Kf7 32. Nd8+ Ke7 33. Nc6+ Kd6
34. Nxa7 e4 35. fxe4 fxe4 36. dxe4 Ke5 37. Nc8 Kxe4 38. Ke2 d3+ 39. Kd2 Kd4 40.
Nd6 Nb2 41. a4 Nxa4 42. g4 Nb2 43. g5 Nxc4+ 44. Nxc4 Kxc4 45. h4 Kd5 46. h5 Ke5
47. Kxd3 Kf5 48. g6 hxg6 49. hxg6 Kxg6 50. Ke4 Kf6 51. Kd5 Kf5 0-1

[Event "?"]
[Site "?"]
[Date "1998.??.??"]
[Round "10.24"]
[White "Bernhoeft, E."]
[Black "Davydov, M."]
[Result "1/2-1/2"]
[WhiteElo "2115"]
[BlackElo "2190"]
[PlyCount "58"]
[EventDate "1998.??.??"]

1. Nf3 d5 2. g3 c6 3. b3 Bg4 4. Bg2 Nd7 5. Bb2 Ngf6 6. d3 e6 7. Nbd2 Bd6 8. O-O
O-O 9. c4 Re8 10. Qc2 e5 11. e3 h6 12. cxd5 cxd5 13. Rfc1 Nb6 14. a3 Rc8 15.
Qb1 Qe7 16. Qa2 Nfd7 17. Rxc8 Rxc8 18. Rc1 Rxc1+ 19. Bxc1 f6 20. b4 Be6 21. Qc2
Qd8 22. Nb3 Qc8 23. Qxc8+ Nxc8 24. Nfd2 b5 25. Nb1 Kf7 26. Na5 Ke8 27. Nc3 a6
28. Nxd5 Ncb6 29. Nc3 Nb8 1/2-1/2

[Event "?"]
[Site "?"]
[Date "1998.??.??"]
[Round "10.25"]
[White "Mayers, D."]
[Black "Reer, E."]
[Result "0-1"]
[WhiteElo "2290"]
[BlackElo "2029"]
[PlyCount "72"]
[EventDate "1998.??.??"]

1. e4 c6 2. d4 d5 3. e5 Bf5 4. Nc3 e6 5. g4 Bg6 6. Nge2 h6 7. Nf4 Bh7 8. Bd3
Bxd3 9. Nxd3 Na6 10. Be3 Qd7 11. O-O O-O-O 12. a3 f5 13. exf6 gxf6 14. Qe2 Bd6
15. b4 Ne7 16. Rab1 Rdg8 17. Kh1 h5 18. gxh5 Nf5 19. b5 Nc7 20. bxc6 Qxc6 21.
Nb5 Nxb5 22. Nb4 Bxb4 23. Rxb4 Nbd6 24. Bf4 Re8 25. Rfb1 Rh7 26. R1b3 Rd7 27.
Rb2 e5 28. dxe5 d4+ 29. f3 fxe5 30. Bg3 Nxg3+ 31. hxg3 e4 32. f4 e3+ 33. Kh2
Qe4 34. R4b3 Rh8 35. Kg1 Rg7 36. Qh2 e2 0-1